Nanotechnology in drug delivery / (Record no. 25477)
[ view plain ]
| 000 -LEADER | |
|---|---|
| fixed length control field | 01041cam a22003015a 4500 |
| 001 - CONTROL NUMBER | |
| control field | 015720771 |
| 003 - CONTROL NUMBER IDENTIFIER | |
| control field | OSt |
| 005 - DATE AND TIME OF LATEST TRANSACTION | |
| control field | 20171011145511.0 |
| 008 - FIXED-LENGTH DATA ELEMENTS--GENERAL INFORMATION | |
| fixed length control field | 101130s2009 nyu frb 001 0 eng d |
| 020 ## - INTERNATIONAL STANDARD BOOK NUMBER | |
| International Standard Book Number | 9781441926630 |
| 020 ## - INTERNATIONAL STANDARD BOOK NUMBER | |
| International Standard Book Number | 1441926631 |
| 040 ## - CATALOGING SOURCE | |
| Original cataloging agency | StDuBDS |
| Language of cataloging | eng |
| Transcribing agency | StDuBDS |
| Modifying agency | EG-ScBUE |
| 082 04 - DEWEY DECIMAL CLASSIFICATION NUMBER | |
| Edition number | 22 |
| Classification number | 615.6 |
| Item number | NAN |
| 245 00 - TITLE STATEMENT | |
| Title | Nanotechnology in drug delivery / |
| Statement of responsibility, etc | edited by Melgardt M. de Villiers, Pornanong Aramwit and Glen S. Kwon. |
| 260 ## - PUBLICATION, DISTRIBUTION, ETC. (IMPRINT) | |
| Place of publication, distribution, etc | New York : |
| Name of publisher, distributor, etc | Springer : |
| -- | American Association of Pharmaceutical Scientists, |
| Date of publication, distribution, etc | 2009. |
| 300 ## - PHYSICAL DESCRIPTION | |
| Extent | 662 p. : |
| Other physical details | ill. ; |
| Dimensions | 26 cm. |
| 490 0# - Series Statement | |
| Series statement | Biotechnology : pharmaceutical aspects ; |
| Volume/sequential designation | v. 10 |
| 504 ## - BIBLIOGRAPHY, ETC. NOTE | |
| Bibliography, etc | Includes bibliographical references and index. |
| 650 #7 - SUBJECT ADDED ENTRY--TOPICAL TERM | |
| Topical term or geographic name as entry element | Drug delivery systems. |
| Source of heading or term | BUEsh |
| 9 (RLIN) | 36090 |
| 650 #7 - SUBJECT ADDED ENTRY--TOPICAL TERM | |
| Topical term or geographic name as entry element | Nanoparticles. |
| Source of heading or term | BUEsh |
| 9 (RLIN) | 3844 |
| 651 ## - SUBJECT ADDED ENTRY--GEOGRAPHIC NAME | |
| Source of heading or term | BUEsh |
| 653 ## - INDEX TERM--UNCONTROLLED | |
| Resource For college | Pharmacy |
| Arrived date list | October2017 |
| 655 ## - INDEX TERM--GENRE/FORM | |
| Form subdivision | Text book |
| -- | 33728 |
| 700 1# - ADDED ENTRY--PERSONAL NAME | |
| Personal name | De Villiers, Melgardt M., |
| Relator term | editor. |
| 700 1# - ADDED ENTRY--PERSONAL NAME | |
| Personal name | Aramwit, Pornanong, |
| Relator term | editor. |
| 700 1# - ADDED ENTRY--PERSONAL NAME | |
| Personal name | Kwon, Glen S. |
| Relator term | editor. |
| 942 ## - ADDED ENTRY ELEMENTS (KOHA) | |
| Source of classification or shelving scheme | Dewey Decimal Classification |
| Withdrawn status | Item status | Source of classification or shelving scheme | Damaged status | Not for loan | Vendor | Home library | Current library | Shelving location | Date acquired | Source of acquisition | Total Checkouts | Full call number | Barcode | Date last seen | Koha item type | Total Renewals | Date last borrowed | Cost, normal purchase price | Cost, replacement price | Checked out |
|---|---|---|---|---|---|---|---|---|---|---|---|---|---|---|---|---|---|---|---|---|
| Dewey Decimal Classification | Baccah | Central Library | Central Library | First floor | 11/10/2017 | Purchase | 615.6 NAN | 000042117 | 15/07/2025 | NB - Book (Non borrowing) | ||||||||||
| Dewey Decimal Classification | Baccah | Central Library | Central Library | First floor | 11/10/2017 | Purchase | 1 | 615.6 NAN | 000042118 | 15/07/2025 | Book - Borrowing | 3 | 05/11/2020 | |||||||
| Dewey Decimal Classification | Baccah | Central Library | Central Library | First floor | 11/10/2017 | Purchase | 1 | 615.6 NAN | 000042119 | 15/07/2025 | Book - Borrowing | 07/11/2018 | ||||||||
| Dewey Decimal Classification | Baccah | Central Library | Central Library | First floor | 11/10/2017 | Purchase | 615.6 NAN | 000031331 | 15/07/2025 | NB - Book (Non borrowing) | 1540.00 | 1925.00 | ||||||||
| Dewey Decimal Classification | Baccah | Central Library | Central Library | First floor | 11/10/2017 | Purchase | 2 | 615.6 NAN | 000031332 | 15/07/2025 | Book - Borrowing | 92 | 17/02/2020 | |||||||
| Dewey Decimal Classification | Baccah | Central Library | Central Library | First floor | 11/10/2017 | Purchase | 1 | 615.6 NAN | 000031333 | 14/01/2026 | Book - Borrowing | 14/01/2026 | 14/02/2026 |